Group dynamics (Record no. 17179)
[ view plain ]
| 000 -LEADER | |
|---|---|
| fixed length control field | 00615nam a22002417a 4500 |
| 003 - CONTROL NUMBER IDENTIFIER | |
| control field | ceu |
| 005 - DATE AND TIME OF LATEST TRANSACTION | |
| control field | 20140310182908.0 |
| 008 - FIXED-LENGTH DATA ELEMENTS--GENERAL INFORMATION | |
| fixed length control field | 130128t xxu||||| |||| 00| 0 eng d |
| 020 ## - INTERNATIONAL STANDARD BOOK NUMBER | |
| International Standard Book Number | 9789712353253 |
| 050 ## - LIBRARY OF CONGRESS CALL NUMBER | |
| Classification number | HM716 |
| Item number | .T819 2009 |
| 082 ## - DEWEY DECIMAL CLASSIFICATION NUMBER | |
| Classification number | FIL 658.4 |
| Item number | Tr73 2009 |
| 245 ## - TITLE STATEMENT | |
| Title | Group dynamics |
| Statement of responsibility, etc | Tria, Geraldine E.; Jao, Loreto V. |
| 260 ## - PUBLICATION, DISTRIBUTION, ETC. (IMPRINT) | |
| Place of publication, distribution, etc | Manila |
| Name of publisher, distributor, etc | Rex Book Store |
| Date of publication, distribution, etc | c2009 |
| 300 ## - PHYSICAL DESCRIPTION | |
| Extent | 172 p. |
| Dimensions | 22.3 cm. |
| 521 ## - TARGET AUDIENCE NOTE | |
| Target audience note | |
| 526 ## - STUDY PROGRAM INFORMATION NOTE | |
| Reading level | 1210L-1700L |
| 541 ## - IMMEDIATE SOURCE OF ACQUISITION NOTE | |
| -- | 1 |
| 541 ## - IMMEDIATE SOURCE OF ACQUISITION NOTE | |
| -- | 2 |
| 541 ## - IMMEDIATE SOURCE OF ACQUISITION NOTE | |
| -- | 3 |
| 541 ## - IMMEDIATE SOURCE OF ACQUISITION NOTE | |
| -- | 4 |
| 562 ## - COPY AND VERSION IDENTIFICATION NOTE | |
| Number of copies | 4 |
| 942 ## - ADDED ENTRY ELEMENTS (KOHA) | |
| Source of classification or shelving scheme | Library of Congress Classification |
| Koha item type | Books |
| Call number prefix | Filipininana |
| Withdrawn status | Lost status | Source of classification or shelving scheme | Damaged status | Home library | Current library | Shelving location | Date acquired | Total Checkouts | Total Renewals | Full call number | Barcode | Date last seen | Date checked out | Copy number | Price effective from | Koha item type | Source of acquisition |
|---|---|---|---|---|---|---|---|---|---|---|---|---|---|---|---|---|---|
| Library of Congress Classification | Archives | Archives | 04/19/2013 | HM716 .T819 2009 | C11761 | 05/08/2018 | 3 | 04/19/2013 | Books | Donation | |||||||
| Library of Congress Classification | Archives | Archives | 04/19/2013 | HM716 .T819 2009 | C11762 | 05/08/2018 | 4 | 04/19/2013 | Books | Donation | |||||||
| Library of Congress Classification | College Library | College Library | Filipiniana Section | 01/28/2013 | 1 | 4 | HM716 .T819 2009 | c11998 | 06/26/2018 | 05/24/2018 | 1 | 01/28/2013 | Books | ||||
| Library of Congress Classification | College Library | College Library | Filipiniana Section | 04/19/2013 | HM716 .T819 2009 | c11999 | 05/08/2018 | 2 | 04/19/2013 | Books |